| 000 | 00878nac a22002171u 4500 | ||
|---|---|---|---|
| 008 | 100907s2000 uk |||||r|||| 001 0 eng d | ||
| 020 | _a0077095049 (pbk.) | ||
| 082 |
_a005.133 _bSMI _222 |
||
| 100 |
_ad 1952- _918668 |
||
| 245 |
_aObject oriented software in ANSI C++ / _cMichael A. Smith. |
||
| 250 | _a2nd ed. | ||
| 260 |
_aLondon _bMcGraw-Hill, _cc2000. |
||
| 300 |
_axviii, 475 p. ; _c25 cm. |
||
| 500 | _aPrevious ed. published as: Object-orientated software in C++. London : Chapman & Hall, 1993. | ||
| 504 | _aIncludes bibliographical references and index. | ||
| 650 |
_aC++ (Computer program language) _918669 |
||
| 650 |
_aObject-oriented programming (Computer science) _918670 |
||
| 650 |
_aComputer software _xDesign. _918671 |
||
| 700 |
_at Object-orientated software in C++. _aSmith, Michael A., _d1952-. _918672 |
||
| 942 |
_cBB _k005.133SMI _2ddc |
||
| 999 |
_c508 _d508 |
||